लौटा है विजेता / (Record no. 113691)

MARC details
000 -LEADER
fixed length control field 01032nam a22002657a 4500
005 - DATE AND TIME OF LATEST TRANSACTION
control field 20170124102957.0
010 ## - LIBRARY OF CONGRESS CONTROL NUMBER
LC control number A-653733
020 ## - INTERNATIONAL STANDARD BOOK NUMBER
Terms of availability 65.00
International Standard Book Number 8170552753
035 ## - SYSTEM CONTROL NUMBER
System control number A-653733
037 ## - SOURCE OF ACQUISITION
Source of stock number/acquisition Cen Lib/Ret
040 ## - CATALOGING SOURCE
Original cataloging agency DPL
Language of cataloging HN
082 ## - DEWEY DECIMAL CLASSIFICATION NUMBER
Classification number 821
Item number वर्माअ
100 ## - MAIN ENTRY--PERSONAL NAME
Personal name वर्मा, अर्चना
9 (RLIN) 53446
245 ## - TITLE STATEMENT
Title लौटा है विजेता /
Statement of responsibility, etc अर्चना वर्मा
246 ## - VARYING FORM OF TITLE
Title proper/short title Louta hai vijeta
Remainder of title by Archana Verma
260 ## - PUBLICATION, DISTRIBUTION, ETC. (IMPRINT)
Place of publication, distribution, etc नई दिल्ली
Name of publisher, distributor, etc वाणी प्रकाशन
Date of publication, distribution, etc 1993
270 ## - ADDRESS
Address 21ए -दरिया गंज
City नई दिल्ली
Postal code 110002
300 ## - PHYSICAL DESCRIPTION
Extent 102पृष्ठ.
Dimensions 20सेमी(सजिल्द)
650 ## - SUBJECT ADDED ENTRY--TOPICAL TERM
Topical term or geographic name as entry element हिंदी साहित्य
9 (RLIN) 53447
650 ## - SUBJECT ADDED ENTRY--TOPICAL TERM
Topical term or geographic name as entry element काव्य संग्रह
9 (RLIN) 53448
650 ## - SUBJECT ADDED ENTRY--TOPICAL TERM
Topical term or geographic name as entry element Hindi Literature
9 (RLIN) 53449
650 ## - SUBJECT ADDED ENTRY--TOPICAL TERM
Topical term or geographic name as entry element poetry collection
9 (RLIN) 53450
700 ## - ADDED ENTRY--PERSONAL NAME
Personal name मायाराम
9 (RLIN) 53319
942 ## - ADDED ENTRY ELEMENTS (KOHA)
Source of classification or shelving scheme Dewey Decimal Classification
Koha item type Hindi Books
Classification part 821
Call number suffix वर्माअ
Holdings
Withdrawn status Lost status Damaged status Not for loan Home library Current library Date acquired Source of acquisition Cost, normal purchase price Total Checkouts Full call number Barcode Date last seen Copy number Cost, replacement price Price effective from Koha item type
        Central Library Central Library 13/08/2015 Cen Lib/Ret 65.00   821 वर्माअ A-653733 13/08/2015 1 65.00 13/08/2015 Hindi Books

© Delhi Public Library
Hit Counter
free hit counter